00524nam a22001697a 450000500170000001000260001702000260004303500140006903700090008308200110009210000100010324500620011326000300017527000940020530000200029970000350031920241011142041.0 aENG-141405 ENG-142158 a9789357943475c795.00 aEN-125690 bDBAD a321.07 aPlato aThe Republic/cBy Plato and Translated by Benjamin Jowett aNew DelhibV&S Publishers aF-2/16, Ansari road, Daryaganj,bNew Delhie110002minfo@vspublishers.comk23240026,27,28 a528p.c22cm(pb) aBenjamin JowetteTranslated by